Countries with the Most 1M Cities - Statistics

General Stats
  • This quiz has been taken 302 times
    237 since last reset
  • The average score is 22 of 25
Answer Stats
Country # % Correct
China 112
100%
India 54
99%
United States 54
99%
Brazil 20
98%
Germany 10
98%
Russia 16
98%
Japan 14
97%
United Kingdom 10
97%
France 5
96%
Mexico 14
96%
Indonesia 14
95%
Spain 5
93%
Pakistan 9
91%
Canada 6
88%
Nigeria 11
88%
Turkey 9
88%
Argentina 5
87%
Australia 5
87%
Iran 7
86%
Colombia 6
83%
South Korea 7
83%
Saudi Arabia 5
80%
Ukraine 5
77%
Venezuela 5
67%
Morocco 6
55%
No matching quizzes found
Score Distribution
Percent of People with Each Score
Percentile by Number Answered
Your Score History
You have not taken this quiz since the last reset